| 000 | 00866cam a2200229 a 4500 | ||
|---|---|---|---|
| 001 | a5117 | ||
| 003 | SIRSI | ||
| 008 | 130101s2000 ua gr 000 0 ara d | ||
| 020 | _a9770165891 | ||
| 035 | _a(Sirsi) a5073 | ||
| 050 | 4 |
_aP90 _b.S52 2000 |
|
| 100 | 1 |
_aشرف، عبد العزيز، _cالدكتور. |
|
| 245 | 1 | 2 |
_aالمدخل إلى وسائل الإعلام : _bالصحافة، الإذاعة، التليفزيون ... / _cعبد العزيز شرف. |
| 250 | _aط. 2. | ||
| 260 |
_aالقاهرة، [مصر] : _bد الهيئة المصرية العامة للكتاب، _c2000. |
||
| 300 |
_a700، 20 ص. ؛ _c24 سم. |
||
| 504 | _aببليوجرافيا : ص. 695-698. | ||
| 650 | 4 | _aوسائل الإعلام. | |
| 650 | 4 | _aالصحف. | |
| 650 | 4 | _aالتليفزيون. | |
| 650 | 4 | _aالإتصالات عبر الأقمار الصناعية. | |
| 999 |
_c19713 _d19713 |
||